100K+ Cities in the Iberian Peninsula - Statistics

General Stats
  • This quiz has been taken 47 times
  • The average score is 38 of 67
Answer Stats
Population Country City % Correct
545,796 Portugal Lisbon
100%
1,686,208 Spain Barcelona
98%
3,422,416 Spain Madrid
98%
231,800 Portugal Porto
95%
824,340 Spain Valencia
95%
691,037 Spain Zaragoza
95%
347,342 Spain Bilbao
91%
686,741 Spain Seville
91%
249,255 Spain A Coruña
86%
592,346 Spain Málaga
86%
233,532 Spain Granada
82%
471,982 Spain Murcia
82%
146,543 Portugal Braga
80%
324,902 Spain Córdoba
77%
188,487 Spain Donostia
77%
299,816 Spain Valladolid
77%
295,523 Spain Vigo
77%
106,476 Spain Girona
75%
358,608 Spain Alicante
73%
201,946 Spain Almería
70%
208,243 Spain Pamplona
70%
111,180 Spain Cádiz
68%
173,635 Spain Santander
66%
151,146 Spain Badajoz
64%
242,317 Spain Elche
64%
270,219 Spain Gijón
64%
220,027 Spain Oviedo
64%
191,560 Spain Getafe
61%
214,844 Spain Jerez de la Frontera
59%
106,655 Portugal Coimbra
57%
159,054 Spain Marbella
57%
144,458 Spain Salamanca
57%
226,219 Spain Badalona
55%
111,945 Spain Jaén
55%
122,866 Spain León
55%
282,299 Spain L'Hospitalet de Llobregat
55%
174,073 Spain Albacete
52%
219,235 Spain Cartagena
52%
143,526 Spain Huelva
52%
144,878 Spain Lleida
52%
179,861 Spain Castelló de la Plana
50%
141,018 Spain Tarragona
50%
171,454 Portugal Amadora
48%
176,551 Spain Burgos
48%
104,725 Spain Ourense
48%
228,294 Spain Terrassa
45%
150,845 Spain Logroño
43%
193,934 Spain Leganés
41%
140,463 Spain Dos Hermanas
39%
213,268 Spain Móstoles
39%
188,421 Portugal Vila Nova de Gaia
39%
125,047 Spain Algeciras
36%
120,996 France Perpignan
36%
174,740 Spain Alcorcón
34%
221,564 Spain Sabadell
34%
199,804 Spain Alcalá de Henares
30%
190,496 Spain Fuenlabrada
30%
109,961 Spain Reus
30%
130,887 Spain Mataró
25%
141,047 Spain Torrejón de Ardoz
23%
101,869 Spain Barakaldo
20%
134,876 Spain Parla
20%
120,903 Spain Santa Coloma de Gramenet
20%
121,446 Spain Alcobendas
18%
101,637 Spain Rivas-Vaciamadrid
14%
108,348 Spain Roquetas de Mar
11%
257,407 Spain Vitoria-Gastiez
2%
No matching quizzes found
Score Distribution
Percent of People with Each Score
Percentile by Number Answered
Your Score History
You have not taken this quiz